| 000 | 00688nam a2200241Ia 4500 | ||
|---|---|---|---|
| 003 | OSt | ||
| 005 | 20220925204802.0 | ||
| 006 | a|||||r|||| 00| 0 | ||
| 007 | ta | ||
| 008 | 220923b |||||||| |||| 00| 0 eng d | ||
| 037 | _cGeneral Book | ||
| 040 |
_aRTL _cRTL _beng |
||
| 041 |
_2eng _aeng |
||
| 082 | _aY:3(O157,3), L4 | ||
| 100 |
_aBiswas Dipti Kumar _9133578 |
||
| 245 | 0 | _aSociology of major Bengali novels | |
| 260 |
_aGurgaon _bAcademic Press India _c1974 |
||
| 300 |
_a331p _ccm. |
||
| 500 | _aBibliography P 313-18 | ||
| 650 |
_aLiterature Society _9242438 |
||
| 942 |
_hY:3(O157,3), L4 _cGB _2CC |
||
| 999 |
_c550378 _d550378 |
||